Economic Dynamics Theory and Computation

Saved in:
Bibliographic Details
Main Author: Stachurski, John
Format: Book
Language:English
Published: Cambridge <The> MIT Press 2009
Subjects:
Tags: Add Tag
No Tags, Be the first to tag this record!

MARC

LEADER 00000nam a2200000 4500
001 0268338
005 20240325110858.6
020 |a 978-0-262-01277-5 
041 0 |a eng 
044 |a US 
245 1 0 |a Economic Dynamics  |b Theory and Computation  |c John Stachurski 
264 1 |a Cambridge  |b <The> MIT Press  |c 2009 
300 |a 373 s. 
610 2 0 |a teórie ekonomické 
610 2 0 |a dynamika ekonomiky 
610 2 0 |a štatistika 
610 2 0 |a modely matematické 
610 2 0 |a modelovanie ekonometrické 
610 2 0 |a modely dynamické 
100 1 |a Stachurski, John